| 000 | 00957nam a2200265 a 4500 | ||
|---|---|---|---|
| 001 | 25272 | ||
| 003 | CO-ViMGA | ||
| 005 | 20230915232050.0 | ||
| 008 | 141112s2004 ck r 000 u spa d | ||
| 020 | _a9788473565219 | ||
| 040 |
_aCO-ViMGA _bspa _cCO-ViMGA |
||
| 082 | 0 | 4 | _a658.8 D65m |
| 100 | 1 |
_aDomínguez Doncel, Alejandro. _938529 |
|
| 245 | 1 | 0 |
_aMétricas del marketing / _cAlejandro Domínguez Doncel, Silvia Hermo Gutiérrez. |
| 260 |
_aMadrid : _bEsic Editorial, _c2008. |
||
| 300 | _a240 p. : il. ; 24 cm. | ||
| 490 | _aLibros profesionales de empresa | ||
| 650 | 1 | 4 |
_aAnálisis de mercadeo _933498 |
| 650 | 1 | 4 |
_aMercadeo _9559 |
| 650 | 1 | 4 |
_aMercadeo - - Medición _938530 |
| 650 | 1 | 4 |
_aMercadeo - - Modelos matemáticos _938531 |
| 700 | 1 |
_aMuñoz Vera, Gemma _938532 |
|
| 942 |
_2ddc _cBK |
||
| 999 |
_c32898 _d32898 |
||